A Roupa nova do imperador (Record no. 125827)

MARC details
000 -LÍDER
campo de controle de tamanho fixo 00514 a2200145 4500
001 - NÚMERO DE CONTROLE
campo de controle 125827
040 ## - FONTE DA CATALOGAÇÃO
Instituição que transcreveu o registro Escola Canadense de Niteroi
090 ## - NÚMERO DE CHAMADA LOCAL
Número de chamada (OCLC) (R); Número de chamada, CALL (RLIN) (NR) FON-R2
245 10 - TÍTULO
Título A Roupa nova do imperador
300 ## - DESCRIÇÃO FÍSICA
Extensão 16 p.
Outros detalhes físicos il.
Dimensões 1 x 21 x 0.1 cm
520 ## - NOTA DE RESUMO, ETC
Resumo, etc. Esta história faz parte do Projeto Primavera 4 a 5 anos, com textos adaptados para os que começam a ler.<br/>No final do livro, narra-se o argumento da história
650 #4 - ASSUNTO--TERMO TÓPICO
Cabeçalho tópico ou nome geográfico Livros de Inicialização à Leitura
650 #4 - ASSUNTO--TERMO TÓPICO
Cabeçalho tópico ou nome geográfico Literatura Infantil
942 ## - ELEMENTOS DE ENTRADA ADICIONADOS (KOHA)
Tipo de material Koha Livros
Holdings
Situação do descarte Situação das perdas Situação física Não pode ser emprestado Biblioteca de origem Biblioteca atual Data de aquisição Total de empréstimos Número de chamada completo Código de barras Data de último acesso Data do preço efetivo Tipo de material Koha
        Canadian School of Niterói - Piratininga Canadian School of Niterói - Piratininga 09/02/2024   FON-R2 A110OZ 09/02/2024 09/02/2024 Livros